Responses for Show #7888 - Wednesday, December 19, 2018

Contestants

[<< previous game]

Trisha Eustaquio, a biomedical engineer from Silver Spring, Maryland

Eric Doctor, a graphic designer and teacher from Brooklyn, New York

Jackie Fuchs, an attorney and writer from Los Angeles, California (whose 3-day cash winnings total $58,689)

[next game >>]

Jeopardy! Round responses

TEA & SYMPATHY
DO THE MATH
HIGHER EDUCATION
WORDS THAT SHOULD RHYME
(Alex: Like "kilo" and "silo", but they don't.)
CHALLENGED & BANNED BOOKS
THE FAB FOUR
    $200 2
tea bags

Trisha
    $200 3
.125

Eric
    $200 17
Harvard

Triple Stumper
    $200 4
Fifty Shades of Grey

Trisha
    $200 9
Ringo Starr

Eric
    $400 1
caffeine

Eric
    $400 5
12

Eric
    $400 18
Cal Berkeley

Trisha
    $400 22
(Alex: Less than a minute now.)

dough and tough

Eric
    $400 26
(Judy) Blume

Jackie
    $400 10
Sgt. Pepper

Jackie
    $600 14
Earl Grey

Trisha
    $600 6
4

Eric
    $600 19
Minnesota

Trisha
    $600 23
(Trisha: What is sake [SAH-kee] and sake [SAYK]?)

sake and rake

JackieTrisha
    $600 27
Ulysses

Trisha
    $600 11
a sitar

Trisha
    $800 15
(Jackie: What is Twinnings, or Twinings?)
(Trisha: What is Tetley?)
(Eric: What is Bigelow?)

Lipton

JackieEricTrisha
Triple Stumper
    $800 7
20

Trisha
    $2,000 20
Rice

Trisha
    $800 24
casserole and hyperbole

Triple Stumper
    $800 28
[The end-of-round signal sounds.]

A Clockwork Orange

Eric
    $800 12
"Strawberry Fields Forever"

Jackie
    $1000 16
chai

Trisha
    $1000 8
(Eric: What is x2 + x + 1?)

x2 + 2x + 1

EricTrisha
    $1000 21
(Eric: What is Arizona?)

Arizona State

JackieEric
    $1000 25
Sean Bean

Trisha
    $1000 13
(Eric: What is Berlin?)
(Trisha: What is Leipzig?)

Hamburg

EricTrisha
Triple Stumper

Scores at the first commercial break (after clue 15):

Jackie Eric Trisha
$400 -$1,000 $1,600

Scores at the end of the Jeopardy! Round:

Jackie Eric Trisha
$2,400 -$800 $6,600

Double Jeopardy! Round responses

HISTORY TELLS US...
ARCHITECTURE
THAT SUPERHERO/VILLAIN WON A TONY
"IN" THE END
LAKES OF THE WESTERN HEMISPHERE
THE FAB 4
    $400 20
(Winston) Churchill

Jackie
    $400 1
open

Eric
    $400 30
(Hugh) Jackman

Trisha
    $400 6
curtain

Eric
    $400 22
Winnipeg

Eric
    $400 15
Passover

Jackie
    $800 19
chains

Triple Stumper
    $800 2
landscape architecture

Jackie
    $800 29
Garfield

Eric
    $800 7
gelatin

Trisha
    $800 21
(Eric: What are Michigan and Superior?)

Michigan and Huron

EricTrisha
    $800 11
quadricep

Jackie
    $1200 3
(George) Patton

Jackie
    $1200 16
dormer windows

Jackie
    $1200 28
(Alan) Cumming

Eric
    $2,000 8
(Trisha: What is... bin... don't know.)

bargain bin

Trisha
    $2,000 23
(Eric: What is the Okefenokee?)

Lake Okeechobee

Eric
    $1200 12
New Mexico

Jackie
    $1600 4
(Huey) Long

Trisha
    $1600 17
Art Deco

Trisha
    $1600 27
(Scarlett) Johansson

Eric
    $1600 9
a ramekin

Eric
    $1600 24
(Alex: Less than a minute.)

Lake Mead

Trisha
    $1600 13
plus fours

Triple Stumper
    $2000 5
make the most of it

Triple Stumper
    $2000 18
pediment

Jackie
    $2000 26
Neil Patrick Harris

Eric
    $2000 10
chagrin

Jackie
    $2000 25
Titicaca

Trisha
    $2000 14
Siegfried

Jackie

Scores at the end of the Double Jeopardy! Round:

Jackie Eric Trisha
$14,400 $4,800 $13,400

[wagering suggestions for these scores]

Final Jeopardy! Round responses

POETS' BIRTHPLACES
[As Alex reveals Eric's response, Eric imitates the shrug gesture.]
(Alex: I have no idea what that is, and I won't ask. And you don't know either.)
EricWho is ¯\_(ツ)_/¯?
$2,799
TrishaWho is Dylan Thomas?
$13,399
JackieWho is Thomas?
$14,000
Dylan Thomas

Final scores:

Jackie Eric Trisha
$28,400 $2,001 $26,799
4-day champion: $87,089 3rd place: $1,000 2nd place: $2,000

Game dynamics:

Coryat scores:

Jackie Eric Trisha
$14,400 $6,800 $14,200
15 R,
1 W
15 R,
6 W
(including 1 DD)
19 R
(including 1 DD),
4 W
(including 1 DD)

Combined Coryat: $35,400

[game clues] [game scores] [suggest correction]

Game tape date: 2018-11-06
The J! Archive is created by fans, for fans. Scraping, republication, monetization, and malicious use prohibited; this site may use cookies and collect identifying information. See terms. The Jeopardy! game show and all elements thereof, including but not limited to copyright and trademark thereto, are the property of Jeopardy Productions, Inc. and are protected under law. This website is not affiliated with, sponsored by, or operated by Jeopardy Productions, Inc. Join the discussion at JBoard.tv.